00400nam a2200157Ia 4500003000900000008004100009040001600050080001300066100001800079245004900097260003300146300001000179650001700189650001900206650001700225IN-BaIIA211028s9999 xx 000 0 eng d cIIA Library a533bSMI aSmirnov, B. M 0aIntroduction to plasma physicscB.M. Smirnov aMoscowbMIR Publishersc1977 a174p. aIdeal Plasma aPlasma Physics aSpace Plasma